Online Catalogue and eLibrary

The Buddha : (Record no. 886)

MARC details
000 -LEADER
fixed length control field 00428nam a2200169Ia 4500
005 - DATE AND TIME OF LATEST TRANSACTION
control field 20240731041935.0
008 - FIXED-LENGTH DATA ELEMENTS--GENERAL INFORMATION
fixed length control field 240331s9999 xx 000 0 und d
020 ## - INTERNATIONAL STANDARD BOOK NUMBER
ISBN 9559296000
082 ## - DDC Classification
Class No. 294
Item Number - Author Mark DIS
100 ## - MAIN ENTRY--PERSONAL NAME
Personal name Disanayaka, J.B.
245 #4 - TITLE STATEMENT
Title The Buddha :
Remainder of title in history and tradition
260 ## - PUBLICATION, DISTRIBUTION, ETC.
Place of publication, distribution, etc. Colombo
Name of publisher, distributor, etc. Sri Lanka Rupavahini Corporation
Date of publication, distribution, etc. 1994
300 ## - PHYSICAL DESCRIPTION
Extent (e.g. Volumes, Pages etc.) 32 p .,
650 ## - SUBJECT ADDED ENTRY--TOPICAL TERM
Topical term or geographic name entry element Buddhism
650 ## - SUBJECT ADDED ENTRY--TOPICAL TERM
Topical term or geographic name entry element History
942 ## - Koha item type (Biblio)
Koha item type Books in Stacks (Lending)
Holdings
Lost status Damaged status Collection code Home library Current library Shelving location Date acquired Full call number Accession Number Item type
    Lending WERC Library WERC Library Social Science Cupboard 03/31/2024 294 DIS 3306 Books in Stacks (Lending)

© WERC Library